Estadísticas para Cuerpos de Agua por Imágenes de Satélite #1

Haz click aquí para tomar la prueba!

Estadísticas generales

  • Esta prueba ha sido tomada 333 veces
  • La puntuación promedio es 9 de 16

Estadísticas de respuestas

Respuesta% Correcto
Mar Caribe
95%
Mar Caspio
87%
Mar Adriático
87%
Mar Báltico
82%
Canal de la Mancha
80%
Mar Arábigo
65%
Golfo Pérsico
63%
Golfo de California
62%
Mar de la {China Meridional}
60%
Bahía de Hudson
55%
Lago de {Maracaibo}
37%
Lago Erie
31%
Estrecho de Magallanes
27%
Bahía de Chesapeake
16%
Estrecho de Puget
13%
Lago Winnipeg
9%

Distribución de puntuación

Porcentaje por número respondido

Porcentaje de gente con cada puntuación

Historial de tus puntuaciones

No has tomado esta prueba